The Journal of personal selling & sales management.

Bibliographic Details
Corporate Author: Pi Sigma Epsilon (Fraternity)
Format: Journal
Language:English
Published: [New York] : [Charles W. Parker], [1980-]
Subjects:
Online Availability: Check for online availability

MARC

Tag First Indicator Second Indicator Subfields
LEADER 00000cas a2200000 a 4500
001 in00000074094
005 20151008060157.0
008 810512c19819999nyuqr1p 0 a0eng d
010 |a  86641349   |z sn 82020506  
022 0 |a 0885-3134 
035 |a (OCoLC)07410012 
035 |9 AAJ5258AM 
037 |b JPSSM, Suite G, 145 North Ave., Hartland, WI 53029 
040 |a PBB  |c PBB  |d MUL  |d NST  |d IUL  |d AIP  |d NST  |d IUL  |d AIP  |d NST  |d NSD  |d NST  |d DLC  |d NST  |d IUL  |d OCL  |d OCLCQ  |d UtOrBLW 
042 |a lc  |a nsdp 
049 |a TXAM 
050 0 0 |a HF5438  |b .J74 
082 0 0 |a 658.8/1/005  |2 19 
090 |a HF5438  |b .J6 
210 0 |a J. pers. sell. sales manage. 
222 0 |a Journal of personal selling & sales management 
245 0 4 |a The Journal of personal selling & sales management. 
246 3 |a Journal of personal selling and sales management 
246 3 0 |a Journal of personal selling and sales management 
246 1 3 |a JPSSM 
264 1 |a [New York] :  |b [Charles W. Parker],  |c [1980-] 
264 4 |c [©1980-] 
300 |a volumes :  |b illustrations ;  |c 28 cm. 
310 |a Quarterly,  |b <1993- > 
321 |a Semiannual 
336 |a text  |b txt  |2 rdacontent 
337 |a unmediated  |b n  |2 rdamedia 
338 |a volume  |b nc  |2 rdacarrier 
362 0 |a Vol. 1, issue 1 (fall/winter 1980/81)- 
500 |a Description based on: Volume2,no.1 (Fall/Winter 1981-82). 
550 |a "The National Council of Pi Sigma Epsilon is the publisher's agent in the development of the JPSSM." 
650 0 |a Selling  |v Periodicals. 
650 0 |a Sales management  |v Periodicals. 
710 2 |a Pi Sigma Epsilon (Fraternity) 
850 |a AAP  |a AU  |a ArU  |a CStclU  |a CaNSHD  |a CaOLU  |a CaSSU  |a CoFS  |a CoU  |a DGW  |a DLC  |a DeU  |a FU  |a GASU  |a GEU  |a IaAS  |a InU  |a KMK  |a KPT  |a KyLoU  |a KyU  |a LU  |a MChB  |a MdU  |a MiDW  |a MiEM  |a MoSU  |a MoSW  |a MoU  |a MsSM  |a MsU  |a NcU  |a NjR  |a OCU  |a OU  |a OrCS  |a OrU  |a PBL  |a PPD  |a PU-W  |a TU  |a TxArU  |a TxCM  |a TxDaM  |a ViBlbV  |a WvU  |a WyU 
936 |a Vol. 8, no. 1 (winter 1993) (surrogate) LIC 
994 |a E0  |b TXA 
999 |a MARS 
999 f f |s 812e6904-162f-3dcd-9404-b007d570dd30  |i e6425796-28de-3bf7-a2b8-eb34a866a4b9  |t 0 
952 f f |p ric  |a Texas A&M University  |b Rellis Campus  |c Joint Library Facility  |d Remote Storage  |t 0  |e HF5438 .J6  |h Library of Congress classification  |i unmediated -- volume  |k v.2  |l 1981/1982  |m A14811604327 
952 f f |p ric  |a Texas A&M University  |b Rellis Campus  |c Joint Library Facility  |d Remote Storage  |t 0  |e HF5438 .J6  |h Library of Congress classification  |i unmediated -- volume  |k v.26  |l 2006  |m A14835858516 
952 f f |p ric  |a Texas A&M University  |b Rellis Campus  |c Joint Library Facility  |d Remote Storage  |t 0  |e HF5438 .J6  |h Library of Congress classification  |i unmediated -- volume  |k v.13  |l 1993  |m A14817934495 
952 f f |p ric  |a Texas A&M University  |b Rellis Campus  |c Joint Library Facility  |d Remote Storage  |t 0  |e HF5438 .J6  |h Library of Congress classification  |i unmediated -- volume  |k v.23  |l 2002/2003  |m A14831478568 
952 f f |p ric  |a Texas A&M University  |b Rellis Campus  |c Joint Library Facility  |d Remote Storage  |t 0  |e HF5438 .J6  |h Library of Congress classification  |i unmediated -- volume  |k v.16  |l 1996  |m A14821034809 
952 f f |p ric  |a Texas A&M University  |b Rellis Campus  |c Joint Library Facility  |d Remote Storage  |t 0  |e HF5438 .J6  |h Library of Congress classification  |i unmediated -- volume  |k v.24  |l 2004  |m A14834619333 
952 f f |p ric  |a Texas A&M University  |b Rellis Campus  |c Joint Library Facility  |d Remote Storage  |t 0  |e HF5438 .J6  |h Library of Congress classification  |i unmediated -- volume  |k v.19  |l 1999  |m A14827263587 
952 f f |p ric  |a Texas A&M University  |b Rellis Campus  |c Joint Library Facility  |d Remote Storage  |t 0  |e HF5438 .J6  |h Library of Congress classification  |i unmediated -- volume  |k v.7  |l 1987  |m A14811545117 
952 f f |p ric  |a Texas A&M University  |b Rellis Campus  |c Joint Library Facility  |d Remote Storage  |t 0  |e HF5438 .J6  |h Library of Congress classification  |i unmediated -- volume  |k v.12  |l 1992  |m A14817190619 
952 f f |p ric  |a Texas A&M University  |b Rellis Campus  |c Joint Library Facility  |d Remote Storage  |t 0  |e HF5438 .J6  |h Library of Congress classification  |i unmediated -- volume  |k v.29  |l 2009  |m A14839105868 
952 f f |p ric  |a Texas A&M University  |b Rellis Campus  |c Joint Library Facility  |d Remote Storage  |t 0  |e HF5438 .J6  |h Library of Congress classification  |i unmediated -- volume  |k v.3 -v.4  |l 1983-1984  |m A14829605028 
952 f f |p ric  |a Texas A&M University  |b Rellis Campus  |c Joint Library Facility  |d Remote Storage  |t 0  |e HF5438 .J6  |h Library of Congress classification  |i unmediated -- volume  |k v.10  |l 1990  |m A14815686274 
952 f f |p ric  |a Texas A&M University  |b Rellis Campus  |c Joint Library Facility  |d Remote Storage  |t 0  |e HF5438 .J6  |h Library of Congress classification  |i unmediated -- volume  |k v.28  |l 2008  |m A14834780647 
952 f f |p ric  |a Texas A&M University  |b Rellis Campus  |c Joint Library Facility  |d Remote Storage  |t 0  |e HF5438 .J6  |h Library of Congress classification  |i unmediated -- volume  |k v.8 -v.9  |l 1988-1989  |m A14812094486 
952 f f |p ric  |a Texas A&M University  |b Rellis Campus  |c Joint Library Facility  |d Remote Storage  |t 0  |e HF5438 .J6  |h Library of Congress classification  |i unmediated -- volume  |k v.22  |l 2002  |m A14830987899 
952 f f |p ric  |a Texas A&M University  |b Rellis Campus  |c Joint Library Facility  |d Remote Storage  |t 0  |e HF5438 .J6  |h Library of Congress classification  |i unmediated -- volume  |k v.27  |l 2007  |m A14837120032 
952 f f |p ric  |a Texas A&M University  |b Rellis Campus  |c Joint Library Facility  |d Remote Storage  |t 0  |e HF5438 .J6  |h Library of Congress classification  |i unmediated -- volume  |k v.21  |l 2001  |m A14828774175 
952 f f |p ric  |a Texas A&M University  |b Rellis Campus  |c Joint Library Facility  |d Remote Storage  |t 0  |e HF5438 .J6  |h Library of Congress classification  |i unmediated -- volume  |k v.14  |l 1994  |m A14818833919 
952 f f |p ric  |a Texas A&M University  |b Rellis Campus  |c Joint Library Facility  |d Remote Storage  |t 0  |e HF5438 .J6  |h Library of Congress classification  |i unmediated -- volume  |k v.5 -v.6  |l 1985-1986  |m A14811604270 
952 f f |p ric  |a Texas A&M University  |b Rellis Campus  |c Joint Library Facility  |d Remote Storage  |t 0  |e HF5438 .J6  |h Library of Congress classification  |i unmediated -- volume  |k v.11  |l 1991  |m A14815686282 
952 f f |p ric  |a Texas A&M University  |b Rellis Campus  |c Joint Library Facility  |d Remote Storage  |t 0  |e HF5438 .J6  |h Library of Congress classification  |i unmediated -- volume  |k v.18  |l 1998  |m A14824881556 
952 f f |p ric  |a Texas A&M University  |b Rellis Campus  |c Joint Library Facility  |d Remote Storage  |t 0  |e HF5438 .J6  |h Library of Congress classification  |i unmediated -- volume  |k v.33  |l 2013  |m A14842452246 
952 f f |p ric  |a Texas A&M University  |b Rellis Campus  |c Joint Library Facility  |d Remote Storage  |t 0  |e HF5438 .J6  |h Library of Congress classification  |i unmediated -- volume  |k v.32  |l 2012  |m A14841641650 
952 f f |p ric  |a Texas A&M University  |b Rellis Campus  |c Joint Library Facility  |d Remote Storage  |t 0  |e HF5438 .J6  |h Library of Congress classification  |i unmediated -- volume  |k v.30  |l 2010  |m A14841285836 
952 f f |p ric  |a Texas A&M University  |b Rellis Campus  |c Joint Library Facility  |d Remote Storage  |t 0  |e HF5438 .J6  |h Library of Congress classification  |i unmediated -- volume  |k v.15:INDEX 1/14  |l 1995  |m A14819765826 
952 f f |p ric  |a Texas A&M University  |b Rellis Campus  |c Joint Library Facility  |d Remote Storage  |t 0  |e HF5438 .J6  |h Library of Congress classification  |i unmediated -- volume  |k v.20  |l 2000  |m A14827347674 
952 f f |p ric  |a Texas A&M University  |b Rellis Campus  |c Joint Library Facility  |d Remote Storage  |t 0  |e HF5438 .J6  |h Library of Congress classification  |i unmediated -- volume  |k v.17  |l 1997  |m A14822511692 
952 f f |p ric  |a Texas A&M University  |b Rellis Campus  |c Joint Library Facility  |d Remote Storage  |t 0  |e HF5438 .J6  |h Library of Congress classification  |i unmediated -- volume  |k v.31  |l 2011  |m A14841285844 
952 f f |p ric  |a Texas A&M University  |b Rellis Campus  |c Joint Library Facility  |d Remote Storage  |t 0  |e HF5438 .J6  |h Library of Congress classification  |i unmediated -- volume  |k v.25  |l 2005  |m A14834619252 
998 f f |a HF5438 .J6  |s v.2-33 (1981/1982-2013)  |t 0  |l Remote Storage